00669nam a22001817a 450000500170000000800410001704100080005808200230006610000200008924500580010926000520016730000080021950000250022750000150025294200070026799900190027495201940029320250424115549.0250424b |||||||| |||| 00| 0 eng d amar a891.46bSAG B22572 aSagat A9211621 a Marathi Shahiri Vangmay Parampara ani Annabhau Sathe aPunebBharatiya Vichar Sadhana Prakashan c2011 a95p aMarathi Literature  aLiterature cBK c365949d365949 00102ddc4070aHIMRbHIMRd2025-03-17eBharatiya Vichar Sadhana Foundation g100.00iHO/IN/579l0o891.46 SAG B22572pHIMR-BK-22572r2025-04-24 00:00:00t30v70.00w2025-04-24yBKzB22572